Alphabets on the Wikipedia logo - Statistics

General Stats
  • This quiz has been taken 48 times
  • The average score is 11 of 18
Answers on the Map
Answers color-coded by a green-red scale on the quiz's map according to % correct below.
 
Answer Stats
Answer % Correct
Latin
98%
Greek
95%
Arabic
93%
Chinese (traditional)
86%
Cyrillic
86%
Devanagari (Sanskrit)
83%
Katakana (Japanese)
81%
Thaï
67%
Hebrew
62%
Ge'ez (Ethiopian)
55%
Khmer
52%
Bengali-Assamese
50%
Tamil
50%
Hangul (Korean)
43%
Georgian
40%
Armenian
38%
Tibetan
33%
Kannada
24%
No matching quizzes found
Score Distribution
Percent of People with Each Score
Percentile by Number Answered
Your Score History
You have not taken this quiz